Statistics for Word Puzzles - Cities of the British Isles #2

Click here to take the quiz!

General Stats

  • This quiz has been taken 763 times
  • The average score is 8 of 15

Answer Stats

HintSolutionAnswer% Correct
Opposite of dim + 1000kgBright + tonneBrighton
86%
Multiplying by 2Doublin'Dublin
73%
____ey toons + completedLoon + doneLondon
71%
Not old + nautical leftNew + portNewport
70%
Finished + 4th letter of the alphabetDone + DDundee
60%
Loud noise + alternative conjunctionBang + orBangor
57%
Automobile + Prefix meaning 'from' or 'negative'Car + dif-Cardiff
57%
Carnivorous dog-like mammal + pig meat + 1000kgWolf + thinking sound + ham + tonWolverhampton
49%
Solar Star + 4th letter + British nobleman + connectiveSun + d + earl + andSunderland
46%
Second person possessive + 'special' breakfast cerealYour + kYork
44%
Shop supply + harbourStock + portStockport
37%
Farm building + target in footballBarn + netBarnet
32%
Apply pressure + colloquialism meaning 'a lot'Press + tonPreston
32%
To dare is to __ + What windows are made fromDo + glassDouglas
23%
Domesticated bovine animal+ Automobile companyOx + FordOxford
18%

Score Distribution

Percentile by Number Answered

Percent of People with Each Score

Your Score History

You have not taken this quiz